The Walking Dead en 20 dialogues - Statistiques

Statistiques générales
  • Ce quiz a été pris 1 197 fois
  • Le résultat moyen est 9 sur 20
Statistiques - réponses
Hint Réponse % Correct
- T’as des couilles pour un chinois.
- J’suis coréen.
- C’est du pareil au même !
Daryl et Glenn
98%
"Je vais te tuer. Pas aujourd’hui, pas demain, mais je vais te tuer." Rick à Negan
87%
- Le gars qui a attendu que Rick tourne le dos pour venir me voir discrètement et pour se débrouiller pour que je fasse le sale boulot, et tout ça pour piquer la place de Rick, alors un truc me turlupine. Si tu veux prendre le pouvoir pourquoi est-ce que tu te charges pas toi même de le refroidir pour le prendre ce pouvoir ?
- Quoi ?! Non, non, je… c’est pas…
- Tu sais ce que j’en pense ! Parce que j’ai ma petite idée la dessus. C’est parce que t’es un gars qu’a aucune tripes.
Negan et Spencer
69%
"Tu n’es jamais en sécurité. Peu importe qu’il y ait beaucoup de monde autour de toi, peu importe que l’endroit te paraisse tranquille, peu importe ce qu’on te dit, peu importe ce que tu crois. Tu n’es jamais en sécurité." Rick à Carl
50%
- En fait, je reste. Comme mon amigo, je me sens appelé à aider nos chers voisins, en tant qu’expert en architecture et en ingénierie, en colmatant le sourire édenté métaphorique des fortifications de la Colline.
- Tu veux réparer la brèche ?
- Oui.
Eugene et Michonne
49%
- Je peux savoir à quoi tu joue ?
- Je prend le taureau par les couilles chérie, pour me sentir en vie, exactement comme toi !
Sasha et Abraham
48%
- Ces portes ont été conçues pour résister à un tir de lance-roquettes.
- C’est pas le cas de ta tête !
Edwin Jenner et Daryl
47%
- T’es ma meilleure amie X.
- T’es mon meilleur ami aussi. Le meilleur…
Carl et Michonne
46%
- Quel est ton nom ?
- Tue moi
- Ça, c'est un nom stupide !
Eastman et Morgan
44%
- Ils vont se sentir con quand ils vont comprendre…
- Comprendre quoi ?
- Qu’ils ont joué avec les mauvaises personnes.
Rick et Abraham
42%
- X, fout le camp d’ici c’est un ordre ! J’ai aucune envie que tu finisses comme ça
- Et bien c’est dommage pour toi ! Mais ce sont des choses qui ne se font pas ! Entrer tout d’un coup, sans prévenir, dans la vie des gens, leur faire éprouver de l’affection et puis filer à l’anglaise !
Andrea et Dale
38%
- Il croit qu’il est tout seul dans cette merde alors il fait ce qu’il a à faire, il survit comme il peut.
- Parce que t’appelles ça survivre toi ?! Zoner dans la rue à moitié conscient au milieu des bouffeurs de chair fraîche ?! Il a aucune chance de s’en sortir.
- Il en a surement plus que quand vous l’avez laissé pourrir sur son toit !
Daryl et T-Dog
38%
- On ne tue pas les vivants !
- Plutôt marrant venant d’un type qui pointe un flingue sur ma gueule.
Rick et Daryl
38%
- Je t’ai confié que j’avais tué deux personnes et t’as rien dit, t’as toujours pas réagi ?
- Qu’est-ce que tu veux que je te dise ?
- L’important c’est pas ce que tu dis, l’important c’est de voir la réalité en face. Elle nous rattrape sans arrêt, à chaque fois on est bien obligé de lui faire face pour continuer à vivre.
Carol et Rick
36%
"Tu sais, faire un home run avec une fille, c’est que tu l’as baisée, que tu lui as rentré ta nouille…" Shane à Rick
33%
- On avait dit qu’on arrêtait de parler de ça.
- T’avais qu’à pas te moquer de mon cul qui m’gratte.
Andrea et Daryl
27%
"La douleur elle disparaît jamais, on apprend juste à vivre avec." Andrea à Beth
26%
- Comment tu fais pour faire parler ton instinct ?
- Tu enlèves un fusible, le fusible, celui qui te fait éprouver de la peur, la colère, la compassion, ce que tu veux, t’arrête de réfléchir tu agis, parce qu’il y a des chances, que quelqu’un d’autre compte sur toi.
Andrea et Shane
23%
- C’est un crétin.
- Et un lâche, ce sont les plus dangereux.
Enid et Maggie
12%
- Je ne veux pas que la peur m’empêche d’être vivante.
- Mais c’est la peur qui nous a permis de vivre.
- Non, seulement de respirer.
Maggie et Glenn
12%
Aucun quiz correspondant
Distribution des résultats
% des personnes avec chaque résultat
Percentile par nombre de réponses
Votre historique - résultats
Vous n’avez pas pris ce quiz